000 00472 a2200157 4500
005 20250626160030.0
020 _a0-07-289543-8
082 _a658.401 COL
100 _aCOLLINS, D. J.
245 _aCorporate Strategy: A Resource - Based Approach.
260 _aNew York,
_bMcGraw Hill
_c1998.
300 _axvii, 220p.: ill.;figure, table
_bIndex
_c25cm
700 _aMONTGOMERY, C. A.
856 _yAccess Online Book
_fCorporate Strategy
_dwww.mhhe.com
942 _2ddc
_cBKS
999 _c5277
_d5277